| 000 | 00739nam a22002177a 4500 | ||
|---|---|---|---|
| 005 | 2010081304544.0 | ||
| 010 | _aENG-100211 | ||
| 020 | _c50.00 | ||
| 035 | _aEN-83743 | ||
| 037 | _bDBAD/PUB | ||
| 082 | _a372.241 | ||
| 100 |
_aRaja, K. _913814 |
||
| 245 |
_aExperiments in education / _cby K. Raja |
||
| 260 |
_aChennai _bKamaleeswaran & Co Publishers _c2007 |
||
| 270 |
_a63, Thoppai Street, Royapuram _bChennai _e13 |
||
| 300 |
_a50p. _c21cm (pbk) |
||
| 650 |
_aArt-Study and teaching _913815 |
||
| 650 |
_aTeachers _913816 |
||
| 942 |
_2ddc _cEN _h372.241 _mRAJ |
||
| 999 |
_c41613 _d41613 |
||